[Event "Cheliabinsk-ch"]
[Site "Cheliabinsk"]
[Date "2011.03.05"]
[Round "8"]
[White "Maslov, Alexey"]
[Black "Volozhanin, Boris"]
[Result "1-0"]
[WhiteElo "2126"]
[BlackElo "1853"]
[PlyCount "97"]
[EventDate "2011.02.26"]
[EventType "swiss"]
[EventRounds "9"]
[EventCountry "RUS"]
[SourceTitle "CBM 141 Extra"]
[Source "ChessBase"]
[SourceDate "2011.05.03"]
[SourceVersion "1"]
[SourceVersionDate "2011.05.03"]
[SourceQuality "1"]

1. Nf3 Nf6 2. d4 c5 3. d5 e6 4. c4 b5 5. b3 Ne4 6. Bb2 bxc4 7. bxc4 Qa5+ 8. Nfd2 exd5 9. cxd5 Ba6 10. f3 Nxd2 11. Qxd2 Qxd2+ 12. Nxd2 c4 13. e4 Bb4 14. Rc1 0-0 15. Bxc4 Bxc4 16. Rxc4 Na6 17. Ke2 Rab8 18. Bd4 Bd6 19. Rhc1 Bxh2 20. Bxa7 Ra8 21. Bd4 Rfe8 22. a4 f5 23. Kd3 Bd6 24. Rb1 Bf4 25. Be3 Bxe3 26. Kxe3 d6 27. Rb6 Red8 28. Rcc6 Nc5 29. Rxd6 Nxa4 30. Rxd8+ Rxd8 31. Rc6 Kf7 32. Kd4 Rb8 33. Nc4 fxe4 34. Ne5+ Ke8 35. fxe4 Rb2 36. d6 Nb6 37. g4 Rb1 38. Rc7 Rd1+ 39. Kc5 Na4+ 40. Kc6 Rc1+ 41. Kb5 Nc3+ 42. Kb4 Nxe4 43. Rxc1 Nxd6 44. Kc5 Nf7 45. Nxf7 Kxf7 46. Rf1+ Kg6 47. Rf4 h6 48. Kd5 Kh7 49. Rf7 1-0